| 000 | 00793nam a22002537a 4500 | ||
|---|---|---|---|
| 999 |
_c14744 _d14744 |
||
| 003 | AR-CdUCM | ||
| 008 | 190424b ||||| |||| 00| 0 spa d | ||
| 020 | _a978-84-16648-86-3 | ||
| 040 |
_aMUNICIPALIDAD PROVINCIAL DEL CUSCO _cBIBLIOTECA MUNICIPAL DEL CUSCO |
||
| 041 | _hit | ||
| 082 |
_aPi / 376.1 / _bR74 |
||
| 100 |
_aRodari, Gianni _930845 |
||
| 245 | _aUna escuela tan grande como el mundo / | ||
| 260 |
_aBarcelona : _bObelisco, _c2016. |
||
| 300 |
_bIlustraciones, _c33 cm. |
||
| 440 |
_aPicarona _933622 |
||
| 500 | _aNo cuenta con numeración de paginas | ||
| 650 |
_aPicarona _933623 |
||
| 650 |
_aLiteratura infantil _9588 |
||
| 650 |
_aPrimera infancia _924660 |
||
| 700 |
_aAgliardi, Allegra (ilustraciones) _933624 |
||
| 942 |
_2ddc _cLIBROS |
||
| 945 |
_adavv _d24/04/2019 |
||